Ernst & Young's retirement planning guide

Show you how to use the new tax law to plan for a secure future-whether you're just getting started or on the verge of retirement. This practical guide highlights key financial and personal issues you need to consider during your pre-retirement and retirement years, including essential informat...

Celý popis

Uloženo v:
Podrobná bibliografie
Médium: Kniha
Jazyk:Undetermined
Vydáno: New York Wiley 2002
Témata:
Tagy: Přidat tag
Žádné tagy, Buďte první, kdo otaguje tento záznam!
Thư viện lưu trữ: Trung tâm Học liệu Trường Đại học Cần Thơ
LEADER 00952nam a2200205Ia 4500
001 CTU_165767
008 210402s9999 xx 000 0 und d
020 |c 22.95 
082 |a 332.02401 
082 |b E65 
245 0 |a Ernst & Young's retirement planning guide 
245 0 |c William J. Arnone ... [et al.] 
260 |a New York 
260 |b Wiley 
260 |c 2002 
520 |a Show you how to use the new tax law to plan for a secure future-whether you're just getting started or on the verge of retirement. This practical guide highlights key financial and personal issues you need to consider during your pre-retirement and retirement years, including essential information on how the new tax law will affect your retirement. 
650 |a Nghỉ hưu,Finance, Personal,Retirement,Tài chính, cá nhân 
650 |x Kế hoạch,Planning 
904 |i Phú Tân,Qhieu 
980 |a Trung tâm Học liệu Trường Đại học Cần Thơ